Telecommunications performance, reforms, and governance (Record no. 293064)

000 -LEADER
fixed length control field 00568cam a22001577a 4500
008 - FIXED-LENGTH DATA ELEMENTS--GENERAL INFORMATION
fixed length control field 180718b2006 xxu||||| |||| 00| 0 eng d
100 ## - MAIN ENTRY--PERSONAL NAME
Personal name Estache, Antonio
245 ## - TITLE STATEMENT
Title Telecommunications performance, reforms, and governance
Statement of responsibility, etc. by Antonio Estache, Ana Goicoechea and Marco Manacorda
260 ## - PUBLICATION, DISTRIBUTION, ETC.
Place of publication, distribution, etc. Washington, D.C.
Name of publisher, distributor, etc. World Bank
Date of publication, distribution, etc. 2006
300 ## - PHYSICAL DESCRIPTION
Extent 21p.
440 ## - SERIES STATEMENT/ADDED ENTRY--TITLE
Title Policy research working paper; no. 3822
650 ## - SUBJECT ADDED ENTRY--TOPICAL TERM
Topical term or geographic name entry element Telecommunication --Case studies
650 ## - SUBJECT ADDED ENTRY--TOPICAL TERM
Topical term or geographic name entry element Telecommunication policy --Case studies
700 ## - ADDED ENTRY--PERSONAL NAME
Personal name Manacorda, Marco
700 ## - ADDED ENTRY--PERSONAL NAME
Personal name Goicoechea, Ana
Holdings
Withdrawn status Lost status Damaged status Not for loan Permanent Location Current Location Date acquired Barcode Date last seen Price effective from Koha item type
        Indian Institute of Public Administration Indian Institute of Public Administration 2006-02-21 WB10872 2018-07-20 2018-07-20 WB

Powered by Koha